LEADER 01123nam0-22003491i-450 001 990000783110403321 005 20220323094611.0 035 $a000078311 035 $aFED01000078311 035 $a(Aleph)000078311FED01 035 $a000078311 100 $a20001010d1985----km-y0itay50------ba 101 0 $aita 105 $ay-------001yy 200 1 $aVetus Etruria$eil mito degli Etruschi nella letteratura architettonica nell'arte e nella cultura da Vetruvio a Winckelmann$fGabriele Morolli$gprefazione di Franco Borsi$gappendice a cura di Mimmarosa Barresi 210 $aFirenze$cAlinea$dc1985 215 $a447 p.$c141 tav.$d24 cm 225 1 $aSaggi e documenti$v50. Sez.Letteratura architetton. 300 $aInclude vari indici 610 0 $aEtruschi 676 $a722.62$v20 700 1$aMorolli,$bGabriele$037737 702 1$aBorsi,$bFranco 702 1$aBarresi,$bMimmarosa 801 0$aIT$bUNINA$gRICA$2UNIMARC 901 $aBK 912 $a990000783110403321 952 $aART.FI B 217$b1739/236$fFARBC 959 $aFARBC 996 $aVetus Etruria$9350744 997 $aUNINA DB $aING01 LEADER 02641nam 2200541 450 001 9910789231003321 005 20230803034657.0 010 $a0-309-28309-4 035 $a(CKB)3710000000103359 035 $a(EBL)3379221 035 $a(SSID)ssj0001213725 035 $a(PQKBManifestationID)11686914 035 $a(PQKBTitleCode)TC0001213725 035 $a(PQKBWorkID)11253532 035 $a(PQKB)11232341 035 $a(MiAaPQ)EBC3379221 035 $a(Au-PeEL)EBL3379221 035 $a(CaPaEBR)ebr10863875 035 $a(OCoLC)919636709 035 $a(EXLCZ)993710000000103359 100 $a20140507h20132013 uy| 0 101 0 $aeng 135 $aurcnu|||||||| 181 $ctxt 182 $cc 183 $acr 200 00$aAcute exposure guideline levels for selected airborne chemicals$hVolume 14 /$fCommittee on Acute Exposure Guideline Levels, Committee on Toxicology, Board on Environmental Studies and Toxicology, Division on Earth and Life Studies, National Research Council of the National Academies 210 1$aWashington, DC :$cThe National Academies Press,$d[2013] 210 4$dİ2013 215 $a1 online resource (290 p.) 300 $aDescription based upon print version of record. 311 $a0-309-28308-6 320 $aIncludes bibliographical references. 327 $a""Front Matter""; ""Preface""; ""Contents""; ""Acute Exposure Guideline Levels for Selected Airborne Chemicals Volume 14""; ""National Research Council Committee Review of Acute Exposure Guideline Levels of Selected Airborne Chemicals""; ""Appendixes""; ""1 Agent BZ (3-Quinuclidinyl Benzilate) Acute Exposure Guideline Levels""; ""2 Ethyl Phosphorodichloridate Acute Exposure Guideline Levels""; ""3 n-Hexane Acute Exposure Guideline Levels""; ""4 Methanesulfonyl Chloride Acute Exposure Guideline Levels""; ""5 Nitric Acid Acute Exposure Guideline Levels"" 327 $a""6 Propargyl Alcohol Acute Exposure Guideline Levels""""7 Vinyl Acetate Acute Exposure Guideline Levels"" 606 $aGases, Asphyxiating and poisonous$vCongresses 615 0$aGases, Asphyxiating and poisonous 676 $a615.91 712 02$aNational Research Council (U.S.).$bCommittee on Acute Exposure Guideline Levels, 712 02$aNational Research Council (U.S.).$bBoard on Environmental Studies and Toxicology, 712 02$aNational Research Council (U.S.).$bCommittee on Toxicology, 801 0$bMiAaPQ 801 1$bMiAaPQ 801 2$bMiAaPQ 906 $aBOOK 912 $a9910789231003321 996 $aAcute exposure guideline levels for selected airborne chemicals$92610632 997 $aUNINA